00668nam a22001695i 4500001000700000003000900007005001700016008004100033040002000074100001900094245009600113260002800209300003400237500007600271650003400347852011700381158705ES-MaACL20230906211257.0040902s1897 xx |||| | eng d aCAM bspa cCAM1 aMarcou, Jules.10aJura and neocomian of Arkansas, Kansas, Oklahoma, New Mexico and Texas / cby Jules Marcou. a[S.l. : bs.n., cs.a.] a[2] p., p. 197-212 ; c24 cm. aExtraido de "The American Journal of Science, Vol. IV, September, 1897" 4aEstratigrafía-xJurásico. aES-MaACLjT-901-F-18 z-- Enc. hol. z-- Legado de Federico de Botella y de Hornos z-- Enc. en un vol. facticio